| 000 | 01437nam a2200229Ia 4500 | ||
|---|---|---|---|
| 001 | b5798-39107 | ||
| 003 | IT-MiCISF | ||
| 008 | 161014s9999||||xx |||||||||||||| ||und|| | ||
| 040 |
_aIT-MiCISF _cIT-MiCISF |
||
| 041 | _ait | ||
| 100 |
_aAllievi Stefano (a cura di) _960514 |
||
| 245 | 0 |
_aSalute e salvezza. _bLe religioni di fronte alla nascita alla malattia e alla morte |
|
| 260 |
_bDehoniane, Bologna; Claudiana, Torino _c2003 |
||
| 300 | _app. 101 | ||
| 500 | _a pastorale, nascita, morte, malattia, religioni-non-cristiane, sanità | ||
| 520 | _aDi fronte alla nascita, alla malattia e alla morte le diverse religioni ricorrono a linguaggi simbolici, credenze e usanze differenti. Chi opera negli ospedali, nei consultori e perfino nei cimiteri si trova oggi di fronte a richieste impreviste, impensabili in passato. Il presente sussidio - articolato a più voci, di taglio ecumenico - ha un carattere pratico, e intende offrire le principali nozioni di base a medici, infermieri, operatori sociali, religiosi e volontari per poter concretamente rispondere a queste domande. Alla fine, il curatore ha inserito una sintetica ma accurata nota bibliografica, che fornisce le indicazioni fondamentali per eventuali approfondimenti. | ||
| 650 |
_apastorale _e012 |
||
| 654 | _asaggio | ||
| 700 |
_aLeone S., Ferrario F., Valdman T., Di Segni R., Merighi A., Siviero P., Falà M.A _960515 |
||
| 942 |
_cBK _2ddc |
||
| 999 |
_c211311 _d211311 |
||
| 999 | _bsi | ||